| 000 | 00631nam a2200181Ia 4500 | ||
|---|---|---|---|
| 008 | 090124s9999 xx 000 0 und d | ||
| 082 |
_b5571 _a94 |
||
| 100 | _aकानेटकर श.के. (शङ्कर केशव) | ||
| 245 | _a मराठी नाट्यछटा | ||
| 250 | _a1 | ||
| 260 | _c1937 | ||
| 300 | _a37 | ||
| 600 | _aकानेटकर श.के. (शङ्कर केशव) | ||
| 630 | _a मराठी नाट्यछटा | ||
| 700 | _aकानेटकर श.के. (शङ्कर केशव) | ||
| 730 | _a मराठी नाट्यछटा | ||
| 942 | _cBOOK | ||
| 999 |
_c119512 _d119512 |
||